000 00576cam a22002051a 4500
001 2017702
003 BD-DhUL
005 20161226190432.0
008 901115s1952 enk 000 0 eng d
035 _a2017702
040 _aANL
_beng
_cANL
_dBD-DhUL
082 _a691
_bGEB
100 1 _aGeeson, Alfred Godwin.
245 1 0 _aBuilding science for students of architecture and building /
_cAlfred Godwin Geeson.
260 _aLondon :
_bEnglish Univs. Press,
_c1952.
300 _av. :
_billus.
505 0 _a- v.2. - Materials.
650 0 _aBuilding.
942 _2ddc
_cBK
999 _c141975
_d141975